| 000 | 00846nam a2200217 a 4500 | ||
|---|---|---|---|
| 003 | 0 | ||
| 005 | 20250314080323.0 | ||
| 008 | 080526s19uu xx 00 eng d | ||
| 050 |
_aPGS HM 1166 _b.M433 2007 |
||
| 100 | _aMatibag, Abby Geraldine P. | ||
| 245 |
_aWatching reality TV shows and the social behavior of middle school students / _cAbbey Geraldine P. Matibag. |
||
| 260 |
_aLas PiƱas City, Philippines : _bSouthville International School and Colleges, _c2007. |
||
| 300 |
_a34 pages : _billustrations ; _c28 cm. |
||
| 504 | _aIncludes bibliographical references. | ||
| 650 |
_aReality television programs _vPsychological aspects. |
||
| 650 |
_aReality television programs _vSocial aspects. |
||
| 650 | _aTelevision and youth. | ||
| 650 | _aSocial behavior in adolescence. | ||
| 650 | _aMass media and youth. | ||
| 942 |
_2lcc _cPASS |
||
| 999 |
_c97978 _d97978 |
||